[Event "Sharjah Master 2024"]
[Site "Shsrjah - Abu Dhabi"]
[Date "2024.05.21"]
[Round "?"]
[White "Yilmaz, Mustafa"]
[Black "Yilmazyerli, Mert"]
[Result "1/2-1/2"]
[WhiteElo "2641"]
[BlackElo "2522"]
[PlyCount "71"]
[EventDate "2024.05.14"]
[EventCountry "UAE"]

1. c4 Nf6 2. Nc3 e6 3. e4 d5 4. cxd5 exd5 5. e5 d4 6. exf6 dxc3 7. Bb5+ $146 ({RR} 7. bxc3 Qxf6 8. d4 Bd6 9. Nf3 h6 10. Bb5+ Bd7 11. Qe2+ Qe7 12. Qxe7+ Kxe7 13. Bd3 Re8 14. O-O Kf8 15. Bd2 Bc6 16. Rfe1 Nd7 17. c4 Bxf3 18. gxf3 b6 19. Be4 Rad8 20. a4 c5 21. d5 Ne5 {Yeritsyan,H (2203)-Silva Lucena,C (2325) chess.com INT 2024 1-0 (66)}) ({RR} 7. fxg7 Qe7+ 8. Be2 cxd2+ 9. Bxd2 Bxg7 10. Nf3 O-O 11. O-O Bf5 12. Re1 Qd6 13. Qb3 Nd7 14. Bc3 Nc5 15. Qc4 Bxc3 16. bxc3 b6 17. Qh4 Rae8 18. Bc4 Bg6 19. Rad1 Rxe1+ 20. Rxe1 Kg7 21. Nd4 Na4 {Petrov,N (2573)-Aleksandrov,A (2418) Moscow RUS 2024 ½-½}) ({RR} 7. bxc3 Qxf6 8. Qf3 Be7 9. d4 O-O 10. Qxf6 Bxf6 11. Rb1 c5 12. Be3 cxd4 13. Bxd4 Bxd4 14. cxd4 Nc6 15. d5 Nd4 16. Ne2 Re8 17. Kd2 Nf5 18. Nc3 a6 19. a4 Nd6 20. Bd3 Kf8 21. Rb6 Rd8 {Karttunen,M (2479)-Zulkipli,Z (2198) chess.com INT 2024 1-0 (56)}) 7... Nc6 8. Qe2+ Be6 9. dxc3 Qxf6 10. Nf3 Bd6 11. Nd4 O-O 12. Nxe6 Rfe8 13. Bc4 Na5 14. Bg5 Qg6 15. Bd3 Qxe6 16. Qxe6 Rxe6+ 17. Kd2 Nc6 18. Kc2 Bc5 19. f3 Be7 20. Bd2 Rd8 21. Rad1 Ne5 22. Bf5 Red6 23. Bf4 Rxd1 24. Rxd1 Rxd1 25. Kxd1 Bd6 26. Bc1 h5 27. Ke2 g6 28. Bc8 b6 29. f4 Nc6 30. Kd3 Ne7 31. Bd7 Nd5 32. g3 h4 33. Bd2 Nf6 34. Bh3 $6 {Inaccuracy. Bc6 was best.} (34. Bc6 Nh5) 34... hxg3 35. hxg3 Nh5 36. f5 1/2-1/2

[Event "Sharjah Master 2024"]
[Site "Shsrjah - Abu Dhabi"]
[Date "2024.05.21"]
[Round "?"]
[White "Ivanchuk, Vasyl"]
[Black "Mchedlishvili, Mikheil"]
[Result "1/2-1/2"]
[WhiteElo "2609"]
[BlackElo "2567"]
[PlyCount "40"]
[EventDate "2024.05.14"]
[EventCountry "UAE"]

1. e4 e5 2. Ne2 Nf6 3. d4 Nxe4 4. f3 Nd6 5. dxe5 Nf5 6. Nbc3 d6 7. exd6 Bxd6 8. Bf4 O-O 9. Bxd6 Nxd6 10. Qd2 Qh4+ 11. g3 Qb4 12. b3 a5 13. Rd1 Re8 14. Nd5 Qc5 15. Nxc7 Qxc7 16. Qxd6 Qxc2 17. Rd2 Qc6 18. Bg2 Qxd6 19. Rxd6 Nc6 20. Kf2 a4 1/2-1/2

[Event "Sharjah Master 2024"]
[Site "Shsrjah - Abu Dhabi"]
[Date "2024.05.21"]
[Round "?"]
[White "Moroni, Luca Jr"]
[Black "Nesterov, Arseniy"]
[Result "0-1"]
[WhiteElo "2580"]
[BlackElo "2589"]
[PlyCount "122"]
[EventDate "2024.05.14"]
[EventCountry "UAE"]

1. Nf3 d5 2. g3 Nf6 3. Bg2 e6 4. O-O c5 5. c4 d4 6. e3 Nc6 7. d3 h6 8. exd4 cxd4 9. Bf4 ({RR} 9. Re1 Bd6 10. Na3 O-O 11. Nc2 a5 12. a3 e5 13. Rb1 a4 14. b4 axb3 15. Nb4 Re8 16. Qxb3 Bf5 17. Nd2 Qd7 18. Qc2 Bh3 19. Bh1 Ne7 20. Na2 Rab8 21. a4 Ng6 22. Rb5 Qc7 23. Ne4 Nxe4 {Duda,J (2732)-Keymer,V (2743) chess.com INT 2024 0-1 (37)}) 9... Bd6 10. Bxd6 Qxd6 11. Nbd2 $146 ({RR} 11. Na3 O-O 12. Re1 a6 13. Rc1 Nd7 14. Qd2 Rb8 15. Nc2 b5 16. b4 bxc4 17. dxc4 Nxb4 18. Nxb4 Qxb4 19. Qxd4 Qc5 20. Rb1 Rxb1 21. Rxb1 Qc7 22. Rd1 e5 23. Qc3 e4 24. Nd4 Nc5 25. Nb3 Be6 {Gallo Garcia,K (2348)-Rodriguez Hernandez,L (2386) Holguin CUB 2024 ½-½}) ({RR} 11. Na3 a6 12. Nc2 O-O 13. Qd2 a5 14. a3 e5 15. b4 axb4 16. axb4 Rxa1 17. Rxa1 Bf5 18. b5 Nb8 19. Nh4 Bc8 20. Qb4 Qc7 21. c5 g5 22. Nf3 Bf5 23. b6 Qe7 24. c6 Nxc6 25. Qxe7 Nxe7 {Cieslak,P (2373)-Abrahams,D (2166) chess.com INT 2024 1-0 (71)}) 11... O-O 12. Re1 Rd8 13. a3 a5 14. Rc1 a4 15. Ne4 Nxe4 16. Rxe4 b6 17. Re1 Bb7 18. Nd2 Qe7 19. f4 Nb8 20. Re5 Bxg2 21. Kxg2 Nd7 22. Rb5 Nc5 23. Qf3 Qc7 24. Re1 Ra5 25. Rxa5 bxa5 26. Ne4 Nd7 27. g4 Rb8 28. Re2 Rb3 29. Nf2 Nc5 30. f5 e5 31. Rd2 Qb7 32. Qxb7 Rxb7 33. Re2 $6 {Inaccuracy. Kf3 was best.} (33. Kf3 Rb3 34. h4 Kf8 35. Ke2 g5 36. fxg6 fxg6 37. h5 g5 38. Kd1 Ke7) 33... f6 34. h4 Rb3 35. Rd2 Kf7 36. h5 Ke7 37. Kf3 $6 {Inaccuracy. Kg1 was best.} (37. Kg1 Kd7 38. Kg2 Kc6 39. Kg1 Nb7 40. Kf1 Nd6 41. Rc2 Nf7 42. Rd2 Ng5) 37... e4+ 38. Nxe4 Nxd3 39. Ke2 Ne5 40. Rxd4 Rxb2+ 41. Kd1 Rb3 42. Kc2 Rxa3 43. c5 $2 {Mistake. Nc3 was best.} (43. Nc3 Nc6 44. Rd1 Nb4+ 45. Kd2 Kd7 46. Re1 Nc6 47. Kc2 Ne5 48. Rd1+ Kc6) 43... Nc6 44. Rd6 Nb4+ 45. Kd2 Ra2+ 46. Kd1 Ra1+ 47. Kd2 a3 48. c6 Nxc6 49. Rxc6 a2 50. Nc3 Rd1+ 51. Nxd1 a1=Q 52. Rc7+ Kf8 53. Rc8+ Kf7 54. Rc7+ Kg8 55. Rc8+ Kh7 56. Rc4 Qa2+ 57. Kd3 Qb1+ 58. Kd2 Qb3 59. Rd4 a4 60. Nc3 a3 61. Ra4 $6 {Inaccuracy. Re4 was best.} (61. Re4 a2 62. Nxa2 Qxa2+ 63. Ke3 Qg2 64. Rd4 Qg3+ 65. Kd2 Kg8 66. Ra4 Qf2+) 61... Qxa4 0-1

[Event "Sharjah Master 2024"]
[Site "Shsrjah - Abu Dhabi"]
[Date "2024.05.21"]
[Round "?"]
[White "Gavrilescu, David"]
[Black "Sethuraman, S.P."]
[Result "1/2-1/2"]
[WhiteElo "2538"]
[BlackElo "2588"]
[PlyCount "31"]
[EventDate "2024.05.14"]
[EventCountry "UAE"]

1. e4 e5 2. Nf3 Nc6 3. d4 exd4 4. Nxd4 Bc5 5. Nb3 Bb6 6. Nc3 d6 7. Qe2 a5 8. Be3 a4 9. Bxb6 axb3 10. Be3 bxa2 11. Rxa2 Rxa2 12. Nxa2 Nf6 $146 ({RR} 12... Nge7 13. Nc3 O-O 14. Qd2 Be6 15. Be2 f5 16. O-O h6 17. f3 Qd7 18. Re1 fxe4 19. Nxe4 Nd5 20. Nc3 Nxe3 21. Qxe3 Qf7 22. f4 Bc4 23. g3 Bxe2 24. Rxe2 Ra8 25. Qe4 Kh8 26. Nd5 Rf8 27. b4 {Sychev,K (2542)-Demchenko,A (2609) Samarkand UZB 2023 ½-½ (33)}) ({RR} 12... Nge7 13. Nc3 O-O 14. Qd2 f5 15. f3 fxe4 16. Nxe4 d5 17. Ng3 Nf5 18. Nxf5 Bxf5 19. Be2 d4 20. Bf2 d3 21. cxd3 Nd4 22. O-O Nxe2+ 23. Qxe2 Qxd3 24. Qe5 Qd7 25. Rc1 c6 26. Re1 Bg6 27. h4 {Gavrilescu,D (2534)-Hracek,Z (2550) Hamburg GER 2024 ½-½ (50)}) 13. Nc3 O-O 14. Qd2 Re8 15. Bd3 Nb4 16. O-O 1/2-1/2

[Event "Sharjah Master 2024"]
[Site "Shsrjah - Abu Dhabi"]
[Date "2024.05.21"]
[Round "?"]
[White "Assaubayeva, Bibisara"]
[Black "Vakhidov, Jakhongir"]
[Result "1-0"]
[WhiteElo "2481"]
[BlackElo "2599"]
[PlyCount "53"]
[EventDate "2024.05.14"]
[EventCountry "UAE"]

1. d4 Nf6 2. c4 c5 3. d5 b5 4. cxb5 a6 5. bxa6 e6 6. Nc3 exd5 7. Nxd5 Be7 8. e3 Nxa6 9. Nxe7 Qxe7 10. Nf3 O-O 11. Be2 d5 12. O-O Nb4 $146 ({RR} 12... Bb7 13. b3 Ne4 14. Bb2 Rfd8 15. Bd3 Nb4 16. Bb1 Ba6 17. Re1 f6 18. a3 Nc6 19. Nd2 Nd6 20. Qc2 Nf7 21. Qxh7+ Kf8 22. Nf3 Rab8 23. Bc2 Nce5 24. Nh4 Qa7 25. Ng6+ Nxg6 26. Bxg6 Rxb3 27. Rab1 {Sethuraman,S (2381)-Herrera Reyes,J (2347) chess.com INT 2024 1-0 (55)}) 13. Bd2 Nxa2 14. Qb1 Qa7 15. Bd1 c4 16. Bc2 Bd7 17. Ne5 Bb5 18. Bc3 $6 {Inaccuracy. Rd1 was best.} (18. Rd1 Rfb8 19. Be1 Rb6 20. e4 Ra6 21. exd5 Qb7 22. d6 Nc3 23. Bxc3 Rxa1) 18... Rfb8 $4 {Blunder. Nxc3 was best.} (18... Nxc3) 19. Qd1 $4 {Blunder. Bd4 was best.} (19. Bd4 Qa6 20. f3 g6 21. Rf2 Nd7 22. Nxd7 Bxd7 23. f4 f5 24. g4 fxg4) 19... Qb7 $2 {Mistake. Nxc3 was best.} (19... Nxc3) 20. Ng4 $6 {Inaccuracy. Rxa2 was best.} (20. Rxa2 Rxa2 21. Ng4 Ra6 22. Nxf6+ Rxf6 23. Bxf6 gxf6 24. Qf3 Kg7 25. Rd1 Bc6) 20... Ne8 $4 {Blunder. Nxc3 was best.} (20... Nxc3 21. Nxf6+) 21. Rxa2 Rxa2 22. Nh6+ Kh8 23. Qh5 f5 24. Bxf5 Nf6 25. Bxf6 gxf6 26. Nf7+ Kg7 27. Nd6 1-0

[Event "Sharjah Master 2024"]
[Site "Shsrjah - Abu Dhabi"]
[Date "2024.05.21"]
[Round "?"]
[White "Raja Rithvik R"]
[Black "Aditya Mittal"]
[Result "1-0"]
[WhiteElo "2523"]
[BlackElo "2607"]
[PlyCount "195"]
[EventDate "2024.05.14"]
[EventCountry "UAE"]

1. d4 Nf6 2. c4 e6 3. Nf3 d5 4. Nc3 Nbd7 5. Bf4 Bb4 6. cxd5 exd5 7. e3 Ne4 8. Qc2 g5 9. Be5 Rg8 10. Bd3 Bxc3+ 11. bxc3 g4 12. Bxe4 dxe4 13. Qxe4 Qe7 14. Nd2 Nxe5 15. dxe5 $146 ({RR} 15. Qxh7 Rf8 16. dxe5 Qxe5 17. Qe4 Qxe4 18. Nxe4 Ke7 19. f4 gxf3 20. gxf3 b6 21. Kf2 Rh8 22. h4 Be6 23. h5 Rad8 24. h6 Bf5 25. Ng3 Be6 26. e4 Rd3 27. Ne2 c5 28. h7 Bc4 29. Ng3 Be6 {Li,D (2563)-Chen,Q (2466) Cannes FRA 2024 1-0 (35)}) 15... Rg6 16. O-O Bd7 17. Qxb7 Bc6 18. Qb4 Qxe5 19. Qd4 Qg5 20. Ne4 Qd5 21. Qxd5 Bxd5 22. Ng3 Ra6 23. a4 Rb8 24. Rfd1 Be6 25. Rd4 c5 26. Rf4 Rab6 27. Kf1 Rb2 28. Ke1 Rc2 29. Ne4 c4 30. Nd6+ Ke7 31. Nb5 Rb7 32. Kd1 Rb2 33. Nd4 h5 34. Kc1 a6 35. a5 h4 36. Nc6+ Kd6 37. Nb4 Rb3 38. Kc2 Ke5 39. Rd4 Bf5+ 40. Kd2 Rb2+ 41. Ke1 g3 42. hxg3 hxg3 43. fxg3 Rxg2 44. Rad1 Be4 45. Rd7 Rxg3 46. Rxb7 Bxb7 47. Rd7 Bc8 48. Rxf7 Rxe3+ 49. Kd2 Rh3 50. Rc7 Rh2+ 51. Kc1 Be6 52. Rc5+ Ke4 53. Rc6 Bf5 $6 {Inaccuracy. Bd7 was best.} (53... Bd7) 54. Rxa6 $6 {Inaccuracy. Rxc4+ was best.} (54. Rxc4+ Ke3) 54... Rh1+ 55. Kb2 Rh2+ 56. Ka3 Rh3 57. Na2 Kd5 58. Rb6 Kc5 59. Rb8 Be4 60. a6 Rh6 61. Nb4 Rh3 62. Kb2 Rh2+ 63. Kc1 Rh1+ 64. Kd2 Ra1 $2 {Mistake. Rh7 was best.} (64... Rh7 65. Rf8 Bh1 66. Rf5+ Kb6 67. Rf2 Ka5 68. Kc2 Kb5 69. Kb2 Kb6 70. Re2) 65. Ke3 $6 {Inaccuracy. Rc8+ was best.} (65. Rc8+ Kb6 66. Rxc4 Bg2 67. Rg4 Bh1 68. Rg6+ Kc5 69. Rg8 Kb6 70. Rh8 Be4) 65... Re1+ 66. Kd2 Ra1 $6 {Inaccuracy. Rf1 was best.} (66... Rf1) 67. Rc8+ Kb5 68. Ke3 Bh1 69. Rb8+ Kc5 70. Rh8 Bg2 71. Rh5+ Kb6 72. Kd4 $6 {Inaccuracy. Rh6+ was best.} (72. Rh6+ Kb5) 72... Rd1+ $2 {Mistake. Rh1 was best.} (72... Rh1 73. Rxh1 Bxh1 74. Kxc4 Bg2 75. Kd4 Kb5 76. Ke5 Kc5 77. Ke6 Bh3+ 78. Kf6) 73. Kxc4 Bf1+ 74. Kb3 Rd6 $4 {Blunder. Ra1 was best.} (74... Ra1) 75. c4 Rg6 76. Rb5+ Ka7 77. Rb7+ Ka8 78. Rc7 Kb8 79. Rc5 Rg4 80. Nc6+ Ka8 81. Ne5 $4 {Blunder. Nb4 was best.} (81. Nb4 Kb8 82. Rc6 Bg2 83. Rf6 Be4 84. c5 Rg1 85. Rf8+ Ka7 86. Rf7+ Kb8) 81... Re4 $4 {Blunder. Rg3+ was best.} (81... Rg3+) 82. Kb4 Re1 83. Ka5 Ra1+ 84. Kb6 Rb1+ 85. Rb5 Ra1 $6 {Inaccuracy. Rd1 was best.} (85... Rd1 86. Rd5 Rb1+ 87. Kc5 Bg2 88. Rd2 Bh1 89. Nd3 Rg1 90. Nb4 Rg5+ 91. Kb6) 86. Kc7 Bg2 87. Nd7 $4 {Blunder. Rb2 was best.} (87. Rb2) 87... Rc1 88. Rb4 $4 {Blunder. Ne5 was best.} (88. Ne5) 88... Ka7 89. Nb6 Bh3 90. Na4 Bg2 91. Nc5 Bf1 92. Rb7+ Ka8 93. Kb6 Bxc4 $4 {Checkmate is now unavoidable. Rb1+ was best.} (93... Rb1+ 94. Kc7 Rc1 95. Rb4 Ka7 96. Kc6 Bxc4 97. Rb2 Bf1 98. Rb7+ Ka8 99. Rb4) 94. Nd7 Rb1+ 95. Kc7 Bd3 96. Nb6+ Rxb6 97. Kxb6 Bxa6 98. Ra7+ 1-0

[Event "Sharjah Master 2024"]
[Site "Shsrjah - Abu Dhabi"]
[Date "2024.05.21"]
[Round "?"]
[White "Seemann, Jakub"]
[Black "Gupta, Abhijeet"]
[Result "0-1"]
[WhiteElo "2474"]
[BlackElo "2601"]
[PlyCount "76"]
[EventDate "2024.05.14"]
[EventCountry "UAE"]

1. e4 c5 2. Nf3 d6 3. d4 cxd4 4. Nxd4 Nf6 5. Nc3 a6 6. h3 e5 7. Nde2 h5 8. Bg5 Be6 9. Bxf6 Qxf6 10. Nd5 Qd8 11. Qd3 Nd7 12. Nec3 Rc8 $6 {Inaccuracy. g6 was best.} (12... g6 13. O-O-O) 13. O-O-O g6 14. h4 $146 ({RR} 14. Kb1 Bh6 15. h4 Nc5 16. Qe2 b5 17. f3 Bd7 18. g4 hxg4 19. fxg4 Ne6 20. g5 Bxg5 21. hxg5 Rxh1 22. Nf6+ Ke7 23. Qf3 Rh4 24. Ncd5+ Kf8 25. Nb6 Bc6 26. Nxc8 Qxc8 27. Rxd6 Rf4 28. Qd1 Nxg5 {Goryachkina,A (2553)-Hong,A (2539) chess.com INT 2024 0-1 (35)}) 14... Nf6 15. Kb1 Rc5 16. f4 $2 {Mistake. Nxf6+ was best.} (16. Nxf6+ Qxf6 17. f3 Qf4 18. Ne2 Qf6 19. g3 Bc4 20. Qe3 d5 21. exd5 Rxd5) 16... Nxd5 17. Nxd5 Bg7 18. f5 Rxd5 19. exd5 Bxf5 20. Qe3 O-O 21. Bd3 Bd7 22. c3 b5 23. Qa7 Bc8 24. Rd2 f5 25. Bc2 e4 26. Rf2 Qe8 27. Qe3 Kh7 28. g4 $6 {Inaccuracy. a3 was best.} (28. a3 Qe7 29. g3 Rf7 30. Re1 Be5 31. Rg2 Qd8 32. Rf1 Kg7 33. Rgf2 Qe7) 28... hxg4 29. h5 g5 30. h6 Bf6 31. Rhf1 f4 32. Bxe4+ Kh8 33. Qd3 g3 34. Rc2 Bd7 35. Bf5 Be5 36. Bxd7 Qxd7 37. Rg2 Rf6 38. c4 Qh7 0-1

[Event "Sharjah Master 2024"]
[Site "Shsrjah - Abu Dhabi"]
[Date "2024.05.21"]
[Round "?"]
[White "Peralta, Fernando"]
[Black "Krzyzanowski, Marcin"]
[Result "1-0"]
[WhiteElo "2573"]
[BlackElo "2526"]
[PlyCount "59"]
[EventDate "2024.05.14"]
[EventCountry "UAE"]

1. d4 Nf6 2. c4 e6 3. Nc3 Bb4 4. e3 c5 5. Nge2 b6 6. a3 Ba5 7. Rb1 Na6 8. Ng3 Bb7 9. f3 O-O 10. Be2 $146 ({RR} 10. Bd3 d5 11. O-O dxc4 12. Bxc4 Qe7 13. Nce4 Nd5 14. dxc5 bxc5 15. Qe2 Nac7 16. Nd2 Nb6 17. Bd3 Rfd8 18. b4 Na4 19. bxa5 Nc3 20. Qf2 Nxb1 21. Bxb1 Ba6 22. Re1 Rab8 23. Bc2 c4 24. e4 c3 {Olsen,F (2440)-Vinter Schou,U (2345) Kolding DEN 2024 1-0 (42)}) 10... d5 11. O-O Rc8 $6 {Inaccuracy. Bxc3 was best.} (11... Bxc3 12. bxc3) 12. Nb5 Ra8 13. Qc2 h5 14. cxd5 exd5 $6 {Inaccuracy. Nxd5 was best.} (14... Nxd5 15. e4 Nab4 16. Qd2 Na2 17. b4 cxb4 18. exd5 Nxc1 19. axb4 Nxe2+ 20. Nxe2) 15. Nf5 Ne8 16. e4 g6 17. Ne3 dxe4 18. d5 exf3 19. Bxf3 Qd7 20. Be2 Ng7 21. b3 Rfe8 $6 {Inaccuracy. Rae8 was best.} (21... Rae8 22. Bd3) 22. Rf3 $6 {Inaccuracy. Bc4 was best.} (22. Bc4) 22... Kh7 $6 {Inaccuracy. Re7 was best.} (22... Re7 23. Bb2) 23. Bb2 f5 24. Rbf1 Rf8 25. Rg3 Rae8 26. Bxg7 Kxg7 $6 {Inaccuracy. Rxe3 was best.} (26... Rxe3 27. Rxe3 Kxg7 28. Bxh5 Qxd5 29. Rg3 c4 30. Rxg6+ Kh7 31. Rg3 Qc5+ 32. Kh1) 27. Rxf5 Rxe3 28. Rfg5 Re7 $2 {Checkmate is now unavoidable. Rf5 was best.} (28... Rf5 29. Rxg6+ Kh7 30. Rg7+ Qxg7 31. Qxf5+ Kg8 32. Rxg7+ Kxg7 33. Qg5+ Kf8 34. Qxe3) 29. Qxg6+ Kh8 30. Qh6+ 1-0

[Event "Sharjah Master 2024"]
[Site "Shsrjah - Abu Dhabi"]
[Date "2024.05.21"]
[Round "?"]
[White "Dudin, Gleb"]
[Black "Nikitenko, Mihail"]
[Result "0-1"]
[WhiteElo "2554"]
[BlackElo "2525"]
[PlyCount "80"]
[EventDate "2024.05.14"]
[EventCountry "UAE"]

1. d4 Nf6 2. c4 e6 3. Nf3 d5 4. g3 Nc6 5. Bg2 Bd6 6. O-O O-O 7. Bg5 ({RR} 7. Nbd2 a5 8. a3 a4 9. Qc2 Bd7 10. Rd1 Na5 11. Ne5 Be8 12. Nd3 h6 13. cxd5 exd5 14. Nf3 Nb3 15. Rb1 Bb5 16. Bd2 Re8 17. Bc3 Ne4 18. e3 Qf6 19. Nfe5 Nxc3 20. Qxc3 c6 21. Nd7 Qf5 {Duda,J (2731)-Bluebaum,M (2655) chess.com INT 2024 ½-½ (44)}) 7... h6 8. Bxf6 Qxf6 9. Nc3 $146 ({RR} 9. cxd5 exd5 10. Nc3 Ne7 11. Nb5 c6 12. Nxd6 Qxd6 13. Ne5 Bf5 14. e3 Ng6 15. Nd3 Rfe8 16. h4 Rab8 17. h5 Ne7 18. Nf4 Nc8 19. Rc1 Qf6 20. Qa4 Rd8 21. b4 a6 22. Qb3 Nd6 23. a4 Re8 {Dubov,D (2708)-Bluebaum,M (2658) chess.com INT 2024 ½-½ (49)}) ({RR} 9. e3 dxc4 10. Nbd2 e5 11. d5 Na5 12. Qa4 b6 13. Nxc4 Nxc4 14. Qxc4 a5 15. Rfd1 Ba6 16. Qc2 Qe7 17. Nh4 g6 18. Rac1 Kg7 19. Bf1 Bc8 20. a4 Bg4 21. Be2 Bd7 22. b3 f5 23. Bb5 Bxb5 {Halkias,S (2508)-Bluebaum,M (2649) chess.com INT 2024 0-1 (41)}) ({RR} 9. e3 dxc4 10. Nfd2 e5 11. d5 Na5 12. Nc3 Bd7 13. Kh1 b5 14. b3 cxb3 15. axb3 Nb7 16. Rc1 Qe7 17. Qe2 a6 18. e4 b4 19. Nd1 Bb5 20. Nc4 a5 21. Nde3 a4 22. bxa4 Rxa4 23. f4 b3 {Martinez Alcantara,J (2612)-Bluebaum,M (2647) chess.com INT 2024 ½-½}) 9... dxc4 10. Rc1 Qe7 11. Ne4 b5 12. b3 Ba3 13. Rb1 cxb3 14. Rxb3 Rb8 15. Qd3 Bd6 16. Qc3 Rb6 17. Rc1 Rd8 18. Qb2 Bd7 19. Nfd2 Be8 20. Re3 $2 {Mistake. Nxd6 was best.} (20. Nxd6 cxd6 21. d5 exd5 22. Re3 Qf6 23. Qxf6 gxf6 24. Bxd5 a5 25. Kf1 Nb4) 20... Na5 $2 {Mistake. Bb4 was best.} (20... Bb4 21. Nf3 Ra6 22. Rd1 Ra4 23. Qa1 a5 24. h4 f5 25. Nc3 Bxc3 26. Qxc3) 21. Nxd6 Qxd6 22. Ra3 Nc4 23. Nxc4 bxc4 24. Qc3 a6 25. Bf3 Rdb8 26. Ra5 Rb5 $6 {Inaccuracy. Rb1 was best.} (26... Rb1) 27. Ra4 Rb4 28. Rxb4 Rxb4 29. Kg2 $6 {Inaccuracy. d5 was best.} (29. d5) 29... Ra4 30. Ra1 Qa3 31. Qc2 $6 {Inaccuracy. Rc1 was best.} (31. Rc1 Bb5 32. Qd2 Qd6 33. h4 c5 34. d5 Ra3 35. Rd1 Ba4 36. Rc1 c3) 31... Rb4 $6 {Inaccuracy. c3 was best.} (31... c3 32. Rc1 Rc4 33. Rb1 Qa4 34. Rb3 g6 35. h4 Kg7 36. h5 gxh5 37. Kh2) 32. Qe4 $2 {Mistake. Rc1 was best.} (32. Rc1 Kf8 33. Qd2 Ra4 34. Rc2 Bb5 35. h4 Qd6 36. Qe3 Ke8 37. h5 Ra3) 32... Qb2 33. Rf1 c3 34. Qa8 Rb8 35. Qa7 Qb6 36. Qxb6 cxb6 37. Rc1 Rc8 38. Kf1 b5 39. Ke1 a5 40. Kd1 b4 0-1

[Event "Sharjah Master 2024"]
[Site "Shsrjah - Abu Dhabi"]
[Date "2024.05.21"]
[Round "?"]
[White "Erdos, Viktor"]
[Black "Suleymenov, Alisher"]
[Result "1/2-1/2"]
[WhiteElo "2546"]
[BlackElo "2499"]
[PlyCount "23"]
[EventDate "2024.05.14"]
[EventCountry "UAE"]

1. d4 {Stockfish 16} d5 2. Nf3 Nf6 3. c4 e6 4. cxd5 exd5 5. Nc3 c6 6. Bf4 Bd6 7. Bxd6 Qxd6 8. e3 Bf5 9. Nh4 ({RR} 9. Qb3 Qc7 10. Rc1 Qb6 11. Qa3 a5 12. Nh4 Be6 13. Bd3 Qb4 14. Bb1 Nbd7 15. Qxb4 axb4 16. Ne2 Nb6 17. b3 Nc8 18. Nf4 g5 19. Nxe6 fxe6 20. Nf3 Ke7 21. Ne5 Ra6 22. Nd3 Rb6 23. Nc5 Nd6 {Ding,L (2818)-Fridman,D (2569) Karlsruhe, Germany 2024 [Stockfish 16] 1-0 (54)}) 9... Be4 10. Qb3 Nbd7 11. Rc1 $146 ({RR} 11. Nxe4 Nxe4 12. Bd3 Qf6 13. Nf3 Nd6 14. O-O O-O 15. a4 a5 16. Qc2 g6 17. Nd2 Nb8 18. Nb3 Qd8 19. f3 Na6 20. Bxa6 Rxa6 21. e4 Nc4 22. Qc3 Rb6 23. Rf2 Rb4 24. e5 f6 25. e6 Nd6 {Budisavljevic,L (2483)-Stearman,J (2462) Saint Louis USA 2024 ½-½ (73)}) 11... Rb8 12. Be2 1/2-1/2

[Event "Sharjah Master 2024"]
[Site "Shsrjah - Abu Dhabi"]
[Date "2024.05.21"]
[Round "?"]
[White "Klimkowski, Jan"]
[Black "Kacharava, Nikolozi"]
[Result "1-0"]
[WhiteElo "2517"]
[BlackElo "2527"]
[PlyCount "61"]
[EventDate "2024.05.14"]
[EventCountry "UAE"]

1. e4 e5 2. Nf3 Nc6 3. Bb5 a6 4. Ba4 d6 5. O-O Bd7 6. c3 g6 7. d4 Bg7 8. Be3 Nf6 9. Nbd2 Ng4 10. Bg5 $146 ({RR} 10. d5 Nxe3 11. fxe3 Ne7 12. Bxd7+ Qxd7 13. Qe2 O-O 14. c4 Bh6 15. Qd3 f5 16. exf5 gxf5 17. e4 Ng6 18. exf5 Nf4 19. Qe4 Qxf5 20. g3 Nd3 21. Qxf5 Rxf5 22. b3 Raf8 23. Kg2 Bxd2 24. Rad1 Rxf3 {Kartik Kumar Singh (2005)-Anuj,S (2400) Viraganur IND 2023 0-1 (37)}) 10... f6 11. Bh4 h5 12. Bg3 g5 13. h4 Qe7 14. b4 Nh6 15. dxe5 dxe5 16. Re1 Nf7 17. Nh2 $2 {Mistake. Nf1 was best.} (17. Nf1 g4 18. N3d2 Bh6 19. Qe2 Nd6 20. Ne3 Bxe3 21. Qxe3 Qf7 22. Kh2 O-O-O) 17... O-O-O 18. Nhf1 f5 19. exf5 gxh4 20. Bh2 h3 21. Ne3 Nd6 $6 {Inaccuracy. Bh6 was best.} (21... Bh6) 22. Qf3 hxg2 23. Ne4 Nxe4 24. Qxe4 Bh6 $4 {Blunder. Rhf8 was best.} (24... Rhf8 25. Rad1) 25. Nd5 Qf7 26. f6 Bf8 $6 {Inaccuracy. Bd2 was best.} (26... Bd2 27. Re2) 27. Rad1 Rg8 $4 {Blunder. Qe6 was best.} (27... Qe6 28. f4 Qg4 29. fxe5 Qxe4 30. Rxe4 Bg4 31. Ree1 Bxd1 32. Rxd1 h4 33. e6) 28. Nb6+ cxb6 29. Bxc6 Rg5 30. Bxb7+ Kc7 31. Ba8 1-0

[Event "Sharjah Master 2024"]
[Site "Shsrjah - Abu Dhabi"]
[Date "2024.05.21"]
[Round "8.42"]
[White "Avila Pavas, Santiago"]
[Black "Samant Aditya S"]
[Result "1-0"]
[WhiteElo "2514"]
[BlackElo "2499"]
[PlyCount "56"]
[EventDate "2024.05.14"]
[EventCountry "UAE"]

{[%evp 0,56,13,12,53,41,71,62,57,38,40,38,58,38,38,17,38,16,42,-2,-2,3,27,21,9,9,35,18,10,-34,15,4,21,19,-41,-71,20,-17,-14,-131,-131,-131,-88,-106,-59,-76,-37,-37,-34,-44,-40,-40,-45,-45,-66,-29,-140,-420,-490]} 1. e4 c5 2. Nf3 d6 3. d4 cxd4 4. Nxd4 Nf6 5. Nc3 Nc6 6. f3 e5 7. Nb3 Be7 8. Be3 Be6 9. Qe2 O-O 10. O-O-O Qc8 11. g4 ({RR} 11. Kb1 a5 12. Na4 Nd7 13. c4 Nb4 14. a3 Qc6 15. Nc3 a4 16. Nd2 Na6 17. Nd5 Bxd5 18. cxd5 Qc7 19. Qb5 Nac5 20. Rc1 Rfc8 21. g3 Qd8 22. Bh3 Ra5 23. Qb4 b6 24. Rc3 Raa8 25. Rhc1 Rcb8 {Caspi,I (2468)-Narayanan,S (2552) chess.com INT 2024 0-1 (52)}) 11... a5 12. Qb5 $146 ({RR} 12. g5 Ne8 13. Kb1 a4 14. Nd2 a3 15. Nc4 Nd4 16. Bxd4 exd4 17. Nd5 Bxd5 18. exd5 Qd8 19. Nxa3 Bxg5 20. Nb5 Nc7 21. Qe4 Nxb5 22. Bxb5 Bf6 23. a4 Ra5 24. Rd3 Qc7 25. h4 Rc8 26. Rb3 h5 {Sattarov,B (2353)-Boruchovsky,A (2536) Sitges ESP 2023 0-1 (40)}) 12... Ne8 13. Qa4 Nc7 14. Bb6 Nb4 15. Nxa5 $4 {Blunder. Bxc7 was best.} (15. Bxc7) 15... Nc6 16. b4 Nd4 $6 {Inaccuracy. d5 was best.} (16... d5 17. exd5 Bxb4 18. dxe6 Bxc3 19. exf7+ Kh8 20. Bd3 Bxa5 21. Qe4 g6 22. Be3) 17. Qa3 d5 18. Qb2 dxe4 19. Bxd4 $2 {Mistake. fxe4 was best.} (19. fxe4 Bxg4) 19... exd4 20. Nxe4 Nd5 21. a3 Ne3 22. Rd2 b6 $6 {Inaccuracy. Qc7 was best.} (22... Qc7 23. Bb5 Rfc8 24. Kb1 Qb6 25. a4 Nd5 26. Rxd4 Nc3+ 27. Nxc3 Qxd4 28. Ne4) 23. Nb3 Bc4 $2 {Mistake. Bd5 was best.} (23... Bd5) 24. Bd3 $4 {Blunder. Nxd4 was best.} (24. Nxd4 Bxf1 25. Nf5 Nxf5 26. gxf5 Qxf5 27. Rxf1 Rfd8 28. Rxd8+ Rxd8 29. Qc3 Rc8) 24... Bxd3 25. Rxd3 Nc4 26. Qxd4 Nxa3 27. c3 $6 {Inaccuracy. Qb2 was best.} (27. Qb2 Nc4 28. Qc3 Ra4 29. Rd5 Qc6 30. Qd4 Rxb4 31. Rd1 Rc8 32. Rd8+ Bxd8) 27... Qa6 28. Rhd1 Nc4 1-0